Normal view
MARC view
- Leo S. Ochavillo
Entry Personal Name
001 - CONTROL NUMBER
- control field: 5142
003 - CONTROL NUMBER IDENTIFIER
- control field: URS
005 - DATE AND TIME OF LATEST TRANSACTION
- control field: 20230705105539.0
008 - FIXED-LENGTH DATA ELEMENTS
- fixed length control field: 230705|| aca||aabn | a|a d
040 ## - CATALOGING SOURCE
- Original cataloging agency: URS
100 ## - HEADING--PERSONAL NAME
- Personal name: Leo S. Ochavillo
- Relator term: Author


































